|
|
|
|
| LEADER |
00962nam a2200265 a 4500 |
| 001 |
123 |
| 003 |
BD-DhAAL |
| 005 |
20150325100409.0 |
| 008 |
150325s1994 cauab b 001 0 eng |
| 010 |
|
|
|a 94003376
|
| 020 |
|
|
|a 0803954875
|
| 020 |
|
|
|a 0803954883 (pbk.)
|
| 040 |
|
|
|a DLC
|c DLC
|d DLC
|d BD-DhAAL
|
| 050 |
0 |
0 |
|a HV547
|b .U53 1994
|
| 082 |
0 |
0 |
|a 361.4
|2 20
|
| 245 |
0 |
0 |
|a Understanding the self-help organization :
|b frameworks and findings /
|c edited by Thomas J. Powell.
|
| 260 |
|
|
|a Thousand Oaks, Calif. :
|b Sage Publications,
|c c1994.
|
| 300 |
|
|
|a viii, 345 p. :
|b ill., map ;
|c 24 cm.
|
| 504 |
|
|
|a Includes bibliographical references and index.
|
| 541 |
|
|
|e 123
|
| 650 |
|
0 |
|a Self-help groups.
|9 10119
|
| 700 |
1 |
|
|a Powell, Thomas J.
|9 10120
|
| 942 |
|
|
|2 ddc
|c BK
|
| 999 |
|
|
|c 34158
|d 34158
|
| 952 |
|
|
|0 0
|1 0
|2 ddc
|4 0
|6 361_400000000000000_UND
|7 0
|9 53299
|a SCL
|b SCL
|c GEN
|d 2015-03-25
|e Gift: The Asia Foundation
|l 0
|o 361.4 UND
|p 3020000123
|r 2015-03-25
|t 1
|w 2015-03-25
|y BK
|